Every city in Senegal - Statistics

General Stats
  • This quiz has been taken 7 times
  • The average score is 4 of 124
Answer Stats
City Population % Correct
D Dakar 2,646,503
100%
T Thiès 317,763
83%
S Saint-Louis 209,752
50%
T Touba 753,315
33%
F Fatick 28,276
17%
K Kaffrine 39,537
17%
K Kaolack 233,708
17%
K Kolda 81,098
17%
N Ngaparou 9,525
17%
N Nguékhokh 27,033
17%
R Rufisque 221,066
17%
S Saly Portudal 26,945
17%
S Somone 5,448
17%
Z Ziguinchor 205,294
17%
A Aéré Lao 9,472
0%
B Bakel 13,329
0%
B Bambey 28,908
0%
B Bargny 51,188
0%
B Bignona 27,826
0%
B Birkelane 7,011
0%
B Bodé Lao 2,466
0%
B Bounkiling 6,416
0%
D Dabo 6,069
0%
D Dagana 21,750
0%
D Dahra 32,941
0%
D Dembancané 5,293
0%
D Démette 3,042
0%
D Diakhao 4,398
0%
D Diamniadio 23,547
0%
D Diannah Malary 3,066
0%
D Diaobé-Kabendou 26,165
0%
D Diattacounda 4,356
0%
D Diawara 7,541
0%
D Diofior 11,312
0%
D Diouloulou 5,920
0%
D Diourbel 133,705
0%
F Fass 3,904
0%
F Foundiougne 6,824
0%
G Gaé 7,148
0%
G Galoya Toucouleur 5,288
0%
G Gandiaye 13,819
0%
G Golléré 6,373
0%
G Gossas 12,698
0%
G Goudiry 6,867
0%
G Goudomp 12,870
0%
G Guédé Chantier 5,600
0%
G Guéoul 8,003
0%
G Guinguinéo 16,386
0%
H Hamady Ounaré 10,175
0%
J Jaxaay-Parcelles 41,570
0%
J Joal-Fadiouth 45,903
0%
K Kahone 14,231
0%
K Kanel 12,975
0%
K Karang Poste 14,624
0%
K Kayar 23,585
0%
K Kébémer 19,902
0%
K Kédougou 30,051
0%
K Keur Madiabel 10,542
0%
K Khombole 15,587
0%
K Kidira 10,064
0%
K Kothiary 4,243
0%
K Koumpentoum 10,022
0%
K Koungheul 20,942
0%
K Kounkané 10,798
0%
L Linguère 15,482
0%
L Louga 104,349
0%
M Madina Wandifa 12,205
0%
M Malem Hodar 7,879
0%
M Malem Niani 2,080
0%
M Marsassoum 7,029
0%
M Matam 17,218
0%
M Mbacké 77,255
0%
M Mbeuleukhé 1,510
0%
M Mboro 27,693
0%
M Mboss 4,347
0%
M Mboumba 4,896
0%
M Mbour 232,777
0%
M Médina Yoro Foulah 3,000
0%
M Mékhé 22,943
0%
M Mpal 8,133
0%
N Ndiagne 7,496
0%
N Ndiamacouta 7,179
0%
N Ndiandane 4,839
0%
N Ndioum 14,341
0%
N Ndofane 12,898
0%
N Nganda 10,507
0%
N Nguidjilone 10,444
0%
N Nioro du Rip 20,784
0%
O Odobéré 6,029
0%
O Ouro Sogui 15,654
0%
O Oussouye 4,828
0%
P Passy 12,571
0%
P Pata 3,118
0%
P Pété 4,211
0%
P Podor 11,608
0%
P Popoguine 8,651
0%
P Pout 23,728
0%
R Ranérou 3,027
0%
R Richard Toll 57,878
0%
R Ross Béthio 11,588
0%
R Rosso 15,870
0%
S Salémata 4,752
0%
S Salikégné 3,677
0%
S Samine 4,848
0%
S Sangalkam 11,915
0%
S Saraya 2,726
0%
S Saré Yoba Diéga 3,551
0%
S Sébikhotane 27,402
0%
S Sédhiou 24,213
0%
S Semmé 6,891
0%
S Sendou 3,125
0%
S Sibassor 8,141
0%
S Sinthiou Bamabé-Banadji 13,823
0%
S Sokone 14,745
0%
S Soum 5,044
0%
T Tambacounda 107,293
0%
T Tanaff 4,831
0%
T Thiadiaye 14,975
0%
T Thilogne 10,441
0%
T Thionck Essyl 8,389
0%
T Tivaouane 69,556
0%
V Vélingara 32,161
0%
W Walaldé 3,224
0%
W Waoundé 7,816
0%
No matching quizzes found
Score Distribution
Percent of People with Each Score
Percentile by Number Answered
Your Score History
You have not taken this quiz